书目信息 |
| 题名: |
心系长城站
|
|
| 作者: | 郭琨 著 | |
| 分册: | ||
| 出版信息: | 郑州 海燕出版社 2005.12 |
|
| 页数: | 229页 | |
| 开本: | 23cm | |
| 丛书名: | ||
| 单 册: | ||
| 中图分类: | N816.61-49 | |
| 科图分类: | ||
| 主题词: | 南极--科学考察--中国--普及读物--调查 , 自然科学--考察 | |
| 电子资源: | ||
| ISBN: | 7-5350-2819-5 | |
| 000 | 00580nam0 2200205 450 | |
| 001 | 0634718906 | |
| 005 | 20061011095335.17 | |
| 010 | @a7-5350-2819-5@dCNY 36.00 | |
| 100 | @a20060831d2005 km y0chiy0120 ea | |
| 101 | 0 | @achi |
| 102 | @aCN@b410000 | |
| 200 | 1 | @a心系长城站@Axin xi chang cheng zhan@f郭琨著@Fguo kun zhu |
| 210 | @a郑州@c海燕出版社@d2005.12 | |
| 215 | @a229页@d23cm | |
| 606 | 0 | @a南极@x科学考察@x中国@x普及读物@x调查 |
| 606 | 0 | @a自然科学@x考察 |
| 690 | @aN816.61-49@v4 | |
| 701 | 0 | @a郭琨@Aguo kun@4著 |
| 801 | @aCN@c20061011 | |
| 905 | @a10447@dN816.61-49@eG815 | |
| 心系长城站/郭琨著.-郑州:海燕出版社,2005.12 |
| 229页;23cm |
| ISBN 7-5350-2819-5:CNY 36.00 |
| ● |
| 相关链接 |
|
|
|
正题名:心系长城站
索取号:N816.61-49/G815
 
预约/预借
| 序号 | 登录号 | 条形码 | 馆藏地/架位号 | 状态 | 备注 |
| 1 | 610095 | 206100958 | 期刊室512/401自科库 141排2列3层/ [索取号:N816.61-49/G815] | 在馆 | |
| 2 | 610096 | 206100967 | 自科库401/401自科库 142排1列2层/ [索取号:N816.61-49/G815] | 在馆 | |
| 3 | 610097 | 206100976 | 期刊室512/401自科库 141排2列3层/ [索取号:N816.61-49/G815] | 在馆 |